000 00571cam a2200217 4500
008 090401t1988 xxu||||| |||| 00| 0 eng d
020 _a0117521493
035 _a(Sirsi) u33890
041 _aeng
050 _a711.3
110 _aUnited Kingdom
_bDepartment of the Environment
_9982
245 _aPlanning policy guidance : strategic guidance for Merseyside
260 _aLondon
_bHMSO
_c1988
300 _a(7)p. : ill.,map ; 30cm.
350 _a1.7
490 _aPPG
_v11
650 _aPPG11
650 _aREGIONAL POLICY
942 _n0
948 _c04/03/1997
999 _c89868
_d89868